Christianity and the Affluent Society (Record no. 5514)
[ view plain ]
| 000 -LEADER | |
|---|---|
| fixed length control field | 00640nam a2200241 a 4500 |
| 020 ## - INTERNATIONAL STANDARD BOOK NUMBER | |
| ISBN | |
| 082 00 - DEWEY DECIMAL CLASSIFICATION NUMBER | |
| Classification number | 332.491761 |
| Author Cutter | FUL |
| 100 ## - MAIN ENTRY--AUTHOR NAME | |
| Author name | Fuller & Rice, |
| 245 ## - TITLE STATEMENT | |
| Title | Christianity and the Affluent Society |
| 260 ## - PUBLICATION, DISTRIBUTION, ETC. (IMPRINT) | |
| Place of publication | London |
| Name of publisher | Hodder & Stoughton |
| Year of publication | 1966 |
| 300 ## - PHYSICAL DESCRIPTION | |
| Number of Pages | 191p |
| 500 ## - GENERAL NOTE | |
| General note | includes index and biblioraphy |
| 505 2# - FORMATTED CONTENTS NOTE | |
| Formatted contents note | Index of Subject and Index of Author |
| 650 ## - SUBJECT ADDED ENTRY--TOPICAL TERM | |
| Topical Term | Money-Religious Aspects-Christianit |
| 942 ## - ADDED ENTRY ELEMENTS (KOHA) | |
| Koha item type | Books |
| 700 1# - | |
| -- | Fuller & Rice, |
| Collection code | Home library | Current library | Date acquired | Cost, normal purchase price | Full call number | Accession Number | Koha item type |
|---|---|---|---|---|---|---|---|
| Henry Martyn Institute Library | Henry Martyn Institute Library | 04/30/2007 | 19.50 | 332.491761 FUL | 06602 | Books |
